| 000 | 00703nam a2200205Ii 4500 | ||
|---|---|---|---|
| 003 | JO-AjNU | ||
| 008 | 230605s9999||||xx |||||||||||||| ||und|| | ||
| 040 |
_aJO-AjNU _bara _erda _cJO-AjNU |
||
| 041 | _aara | ||
| 050 | 1 | 4 | _aML189 .J852 1984 |
| 100 | 3 |
_aالجندي، احمد , _eauthor _919590 |
|
| 245 | 0 | 0 | _aرواد النغم العربي |
| 250 | _aط1 | ||
| 264 | 3 | 1 | _aدمشق: دار طلاس للدراسات والترجمة والنشر، 1984 |
| 300 |
_a176ص _bيشتمل على ببليوجرافية |
||
| 336 |
_atext _btxt _2rdacontent |
||
| 337 |
_aunmediated _bn _2rdamedia |
||
| 338 |
_avolume _bnc _2rdacarrier |
||
| 650 | 4 |
_aالموسيقيون العرب - تراجم _919591 |
|
| 999 |
_aA6491 _c10059 _d10059 |
||